000 00390nam a2200157Ia 4500
008 240729s9999 xx 000 0 und d
022 _a1852-4249
245 0 _aPapers in Physics
260 _aArgentina
260 _bPapers in Physics
650 _a Physics
650 _aScience
856 _uhttps://doaj.org/toc/5747c17a20d2460a8669dea6ab138483
942 _2ddc
942 _cDOAJEJ
999 _c70494
_d70494
945 _a1
_bMadushi Gamage
_c1
_dMadushi Gamage